| 000 | 00733nam a2200217 a 4500 | ||
|---|---|---|---|
| 005 | 20240514063702.0 | ||
| 008 | 030313s2002 mx r 000 0 spa d | ||
| 020 | _a8436816161 | ||
| 035 | _aUPN01000122865 | ||
| 049 | _aCG | ||
| 050 | 4 |
_aBF723 E6 _bB8.5 |
|
| 100 | 1 |
_aBuela-Casal, Gualberto _931907 |
|
| 245 | 1 | 3 |
_aEl niño impulsivo : _bestrategias de evaluación, tratamiento y prevención / _cGualberto Buela-Casal, Hugo Carretero-Dios, Macarena de los Santos-Roig. |
| 260 |
_aMadrid : _bPirámide, _cc2002. |
||
| 300 | _a235 p. | ||
| 440 | 0 |
_aOjos solares. _pTratamiento |
|
| 650 | 4 |
_aEmociones en niños _9479 |
|
| 700 | 1 |
_aCarretero-Dios, Hugo, _ecoaut. |
|
| 700 | 1 |
_aSantos-Roig, Macarena de los, _ecouat. |
|
| 905 | _aLibro | ||
| 999 |
_c95048 _d95048 |
||